[Event "SD-2017-0-00282"]
[Site "LSS email"]
[Date "2017.11.12"]
[Round "?"]
[White "Barna, Zsolt"]
[Black "Vio, Mauro"]
[Result "1-0"]
[WhiteElo "1543"]
[BlackElo "1439"]
[PlyCount "69"]
[EventDate "2017.08.03"]
[EventType "tourn (corr)"]
[EventRounds "6"]
[EventCountry "GER"]
[SourceTitle "Corr 2022"]
[Source "ChessBase"]
[SourceDate "2021.10.24"]
[SourceVersion "1"]
[SourceVersionDate "2021.10.24"]
[SourceQuality "1"]

1. e4 c5 2. Nf3 Nc6 3. d4 cxd4 4. Nxd4 Nxd4 5. Qxd4 e6 6. Nc3 Ne7 7. Bf4 Nc6 8. Qd2 a6 9. Be2 Bb4 10. a3 Be7 11. 0-0 0-0 12. Rad1 f5 13. exf5 Rxf5 14. Bd6 Qf8 15. Bg4 Rf7 16. Ne4 Bxd6 17. Qxd6 Rf4 18. f3 a5 19. Rfe1 Ne7 20. Qc7 Nc6 21. Nd6 Rd4 22. c3 Rxd1 23. Rxd1 Kh8 24. h3 a4 25. Kh1 h6 26. f4 Ne7 27. Bf3 Nc6 28. f5 e5 29. Rf1 Kh7 30. Be4 Kh8 31. f6 gxf6 32. Rf3 Kg8 33. Rg3+ Kh8 34. Rg6 h5 35. h4 1-0

[Event "SD-2017-0-00282"]
[Site "LSS email"]
[Date "2017.10.27"]
[Round "?"]
[White "Barna, Zsolt"]
[Black "Stasilo, Tymoteusz"]
[Result "1/2-1/2"]
[WhiteElo "1543"]
[BlackElo "1558"]
[PlyCount "71"]
[EventDate "2017.08.03"]
[EventType "tourn (corr)"]
[EventRounds "6"]
[EventCountry "GER"]
[SourceTitle "Corr 2022"]
[Source "ChessBase"]
[SourceDate "2021.10.24"]
[SourceVersion "1"]
[SourceVersionDate "2021.10.24"]
[SourceQuality "1"]

1. e4 e5 2. Nf3 Nc6 3. Bc4 Bc5 4. b4 Bxb4 5. c3 Ba5 6. d4 exd4 7. 0-0 Nf6 8. Ba3 d6 9. e5 Ne4 10. exd6 Nxd6 11. Re1+ Kf8 12. Nxd4 Nxd4 13. Qxd4 Qf6 14. Qd5 Bb6 15. Nd2 Bxf2+ 16. Kh1 Bxe1 17. Rxe1 Bf5 18. Bxd6+ cxd6 19. Rf1 g6 20. g4 Rc8 21. gxf5 Rc5 22. Qxb7 Rxf5 23. Rxf5 Qxf5 24. Qxa7 Kg7 25. Qd4+ Qf6 26. Ne4 Qxd4 27. cxd4 Rd8 28. Bb5 f5 29. Nd2 Rc8 30. Nc4 d5 31. Ne3 Rc1+ 32. Kg2 Rc3 33. Nxd5 Rc2+ 34. Kh3 Rxa2 35. Kg3 Rd2 36. Nf4 1/2-1/2

[Event "SD-2017-0-00277"]
[Site "LSS email"]
[Date "2017.07.05"]
[Round "?"]
[White "Barna, Zsolt"]
[Black "Bordenave, Roberto"]
[Result "0-1"]
[WhiteElo "1543"]
[BlackElo "1756"]
[PlyCount "46"]
[EventDate "2017.04.14"]
[EventType "tourn (corr)"]
[EventRounds "6"]
[EventCountry "GER"]
[SourceTitle "Corr 2022"]
[Source "ChessBase"]
[SourceDate "2021.10.24"]
[SourceVersion "1"]
[SourceVersionDate "2021.10.24"]
[SourceQuality "1"]

1. e4 c5 2. Nf3 d6 3. d4 cxd4 4. Nxd4 Nf6 5. f3 e5 6. Nb3 Be6 7. c4 Nbd7 8. Be3 b5 9. cxb5 d5 10. N1d2 dxe4 11. fxe4 Ng4 12. Qe2 Rc8 13. Bxa7 Nb6 14. Qf3 Qc7 15. h3 Qxa7 16. hxg4 Be7 17. Qg3 0-0 18. g5 Rfd8 19. a3 Na4 20. Be2 Rc2 21. g6 fxg6 22. Qf2 Qc7 23. b6 Nxb6 0-1

[Event "SD-2017-0-00277"]
[Site "LSS email"]
[Date "2017.07.02"]
[Round "?"]
[White "Sofia, Gerardo"]
[Black "Barna, Zsolt"]
[Result "1-0"]
[WhiteElo "1496"]
[BlackElo "1543"]
[PlyCount "81"]
[EventDate "2017.04.14"]
[EventType "tourn (corr)"]
[EventRounds "6"]
[EventCountry "GER"]
[SourceTitle "Corr 2022"]
[Source "ChessBase"]
[SourceDate "2021.10.24"]
[SourceVersion "1"]
[SourceVersionDate "2021.10.24"]
[SourceQuality "1"]

1. e4 e5 2. Nf3 Nc6 3. Bb5 a6 4. Ba4 Nf6 5. 0-0 Nxe4 6. Re1 b5 7. Bb3 d5 8. Nc3 Nxc3 9. dxc3 Be6 10. Nxe5 Nxe5 11. Rxe5 Bd6 12. Bg5 Qc8 13. Rxd5 Bxd5 14. Bxd5 c6 15. Bb3 Qc7 16. Qe2+ Kf8 17. g3 Re8 18. Qf3 c5 19. Bd5 Re5 20. Be3 h5 21. Rd1 Re8 22. h4 g6 23. Bg5 Rh7 24. c4 b4 25. a3 a5 26. axb4 axb4 27. Ra1 Kg7 28. Ra6 f5 29. Kg2 Rhh8 30. c3 Rhf8 31. cxb4 cxb4 32. Qd1 f4 33. Rc6 Qa7 34. gxf4 Be7 35. Qd3 Rf6 36. Bxf6+ Bxf6 37. Qh3 Qd4 38. Qg3 Re7 39. Rd6 Kh6 40. b3 Ra7 41. c5 1-0

[Event "LSS No Engine Cup 161 Final"]
[Site "LSS email"]
[Date "2017.06.19"]
[Round "?"]
[White "Barna, Zsolt"]
[Black "Louro, Eugenio Diogo"]
[Result "1/2-1/2"]
[WhiteElo "1888"]
[BlackElo "1930"]
[PlyCount "94"]
[EventDate "2017.06.20"]
[EventType "tourn (corr)"]
[EventRounds "6"]
[EventCountry "GER"]
[SourceTitle "Corr 2022"]
[Source "ChessBase"]
[SourceDate "2021.10.24"]
[SourceVersion "1"]
[SourceVersionDate "2021.10.24"]
[SourceQuality "1"]

1. e4 g6 2. d4 d6 3. Be3 Bg7 4. Nc3 a6 5. Be2 b5 6. a3 Nd7 7. f4 Bb7 8. Nf3 e6 9. 0-0 Ne7 10. Nd2 0-0 11. Nb3 Rc8 12. Qc1 c5 13. dxc5 Nxc5 14. Nxc5 dxc5 15. Bf3 Qc7 16. Qe1 f5 17. e5 Bxf3 18. Rxf3 g5 19. Rd1 Rfd8 20. Rd6 Rxd6 21. exd6 Qxd6 22. fxg5 Nc6 23. Rf2 Be5 24. Kh1 Bxh2 25. Bxc5 Qe5 26. Re2 Qxc5 27. Kxh2 Qd6+ 28. Kh3 Nd8 29. Qg3 Qxg3+ 30. Kxg3 Kf7 31. Rd2 Ke7 32. Rd4 Nf7 33. a4 e5 34. Rh4 Ke6 35. axb5 axb5 36. Kf2 Nxg5 37. Rh6+ Kd7 38. Rb6 Rc5 39. Ke3 f4+ 40. Kd2 e4 41. Rxb5 Kc6 42. Rb8 Rf5 43. Ke1 f3 44. Kf1 fxg2+ 45. Kxg2 e3 46. Re8 Rf2+ 47. Kg3 Rxc2 1/2-1/2

[Event "LSS No Engine Cup 161 Final"]
[Site "LSS email"]
[Date "2017.06.19"]
[Round "?"]
[White "Cerne, Peter"]
[Black "Barna, Zsolt"]
[Result "0-1"]
[WhiteElo "1583"]
[BlackElo "1888"]
[PlyCount "110"]
[EventDate "2017.06.20"]
[EventType "tourn (corr)"]
[EventRounds "6"]
[EventCountry "GER"]
[SourceTitle "Corr 2022"]
[Source "ChessBase"]
[SourceDate "2021.10.24"]
[SourceVersion "1"]
[SourceVersionDate "2021.10.24"]
[SourceQuality "1"]

1. e4 e5 2. Nf3 Nc6 3. Bb5 a6 4. Ba4 Nf6 5. 0-0 Nxe4 6. d4 b5 7. Bb3 d5 8. dxe5 Be6 9. Nbd2 Nc5 10. c3 Nxb3 11. Nxb3 Be7 12. a4 0-0 13. axb5 axb5 14. Rxa8 Qxa8 15. Be3 Qa4 16. Nbd4 Nxd4 17. Nxd4 Bd7 18. Qf3 c5 19. b3 Qa2 20. Nf5 Bxf5 21. Qxf5 Rd8 22. e6 f6 23. Qh5 g6 24. Qd1 Qa6 25. Re1 d4 26. cxd4 cxd4 27. Bd2 Qa2 28. h3 d3 29. Rf1 Qc2 30. Re1 Rd6 31. Qxc2 dxc2 32. Bc1 Rd1 33. Rf1 Bb4 34. Bb2 Bd2 35. b4 Bxb4 36. g4 Bd2 37. Kg2 Rxf1 38. Kxf1 c1Q+ 39. Bxc1 Bxc1 40. Ke2 Kf8 41. Kd3 Ba3 42. f4 f5 43. Kd4 Ke7 44. gxf5 gxf5 45. Kd5 Bd6 46. Kd4 Kxe6 47. Kc3 Kd5 48. Kd3 Bxf4 49. Kc3 Bd6 50. Kd3 f4 51. h4 h5 52. Ke2 Ke4 53. Ke1 Ke3 54. Kd1 Bb4 55. Kc2 f3 0-1

[Event "LSS No Engine Cup 166 Preliminary 0"]
[Site "LSS email"]
[Date "2017.01.30"]
[Round "?"]
[White "Neumann, Otto"]
[Black "Barna, Zsolt"]
[Result "0-1"]
[WhiteElo "1106"]
[BlackElo "1882"]
[PlyCount "50"]
[EventDate "2017.01.31"]
[EventType "tourn (corr)"]
[EventRounds "6"]
[EventCountry "GER"]
[SourceTitle "Corr 2022"]
[Source "ChessBase"]
[SourceDate "2021.10.24"]
[SourceVersion "1"]
[SourceVersionDate "2021.10.24"]
[SourceQuality "1"]

1. d4 Nf6 2. c4 e5 3. dxe5 Ng4 4. Nf3 Bc5 5. e3 Nc6 6. Be2 0-0 7. 0-0 Re8 8. Nc3 Ncxe5 9. h3 Nxf3+ 10. Bxf3 Ne5 11. Be4 c6 12. Qh5 g6 13. Qe2 d6 14. b3 Bb4 15. Bb2 Qh4 16. Bf3 g5 17. Ne4 Nxf3+ 18. gxf3 Rxe4 19. fxe4 Bxh3 20. Rfd1 Re8 21. e5 dxe5 22. a3 e4 23. axb4 Bg4 24. Qd2 Bf3 25. Qd4 Qh1# 0-1

[Event "SD-2017-0-00271"]
[Site "LSS email"]
[Date "2017.01.27"]
[Round "?"]
[White "Barna, Zsolt"]
[Black "Sofia, Gerardo"]
[Result "0-1"]
[WhiteElo "1548"]
[BlackElo "1518"]
[PlyCount "64"]
[EventDate "2016.11.21"]
[EventType "tourn (corr)"]
[EventRounds "6"]
[EventCountry "GER"]
[SourceTitle "Corr 2022"]
[Source "ChessBase"]
[SourceDate "2021.10.24"]
[SourceVersion "1"]
[SourceVersionDate "2021.10.24"]
[SourceQuality "1"]

1. e4 c6 2. d4 d5 3. exd5 cxd5 4. c4 Nf6 5. Nc3 Nc6 6. Bg5 Ne4 7. Nxe4 dxe4 8. d5 f6 9. dxc6 fxg5 10. Qxd8+ Kxd8 11. Ne2 bxc6 12. Ng3 e3 13. 0-0-0+ Kc7 14. fxe3 e5 15. Bd3 Bg4 16. Rdf1 Be6 17. Kc2 Bc5 18. Ne4 Be7 19. b4 Rab8 20. Nc5 Bxc5 21. bxc5 Rb4 22. Ra1 e4 23. Kc3 Ra4 24. Kb3 Ra5 25. Kb4 Ra6 26. Bxe4 Rb8+ 27. Kc3 Ra3+ 28. Kc2 Bxc4 29. Bxh7 Rf8 30. Kb2 Rxe3 31. Rac1 Bd5 32. Rc2 Rf6 0-1

[Event "SD-2017-0-00271"]
[Site "LSS email"]
[Date "2017.01.24"]
[Round "?"]
[White "Barna, Zsolt"]
[Black "Kolanek, Sylwia"]
[Result "0-1"]
[WhiteElo "1548"]
[BlackElo "1721"]
[PlyCount "70"]
[EventDate "2016.11.21"]
[EventType "tourn (corr)"]
[EventRounds "6"]
[EventCountry "GER"]
[SourceTitle "Corr 2022"]
[Source "ChessBase"]
[SourceDate "2021.10.24"]
[SourceVersion "1"]
[SourceVersionDate "2021.10.24"]
[SourceQuality "1"]

1. e4 c5 2. f4 e6 3. Nf3 d5 4. Bb5+ Nd7 5. Nc3 dxe4 6. Nxe4 Be7 7. 0-0 a6 8. Bxd7+ Qxd7 9. d3 Nf6 10. Ne5 Qc7 11. Qf3 Nxe4 12. Qxe4 Rb8 13. Bd2 f6 14. Nc4 b5 15. Na5 Bd7 16. Rae1 0-0 17. Rf3 f5 18. Qe3 c4 19. Bc3 Bc5 20. d4 Bb6 21. Qd2 Rfd8 22. Rf2 Bc8 23. a3 Rd6 24. b3 Bd7 25. b4 Rd8 26. Bb2 Bc8 27. c3 Bxa5 28. bxa5 Qxa5 29. a4 bxa4 30. Ba3 Rb6 31. Bb4 Qd5 32. Qa2 Qb5 33. Rd2 a5 34. Bc5 Rb7 35. Rde2 Bd7 0-1

[Event "SD-2017-0-00271"]
[Site "LSS email"]
[Date "2017.01.22"]
[Round "?"]
[White "Drobotov, Gennady Sergeevich"]
[Black "Barna, Zsolt"]
[Result "0-1"]
[WhiteElo "1504"]
[BlackElo "1548"]
[PlyCount "44"]
[EventDate "2016.11.21"]
[EventType "tourn (corr)"]
[EventRounds "6"]
[EventCountry "GER"]
[SourceTitle "Corr 2022"]
[Source "ChessBase"]
[SourceDate "2021.10.24"]
[SourceVersion "1"]
[SourceVersionDate "2021.10.24"]
[SourceQuality "1"]

1. d4 Nf6 2. Bg5 Ne4 3. Bh4 d5 4. f3 Nd6 5. Nc3 c6 6. e4 Qb6 7. b3 e5 8. Bf2 dxe4 9. fxe4 Qa5 10. Qd2 exd4 11. Qxd4 Be6 12. 0-0-0 Nd7 13. Qe3 Ne5 14. Qg3 Ng6 15. Kb1 Be7 16. Be1 Qa3 17. Nf3 0-0-0 18. Bd3 h5 19. Bd2 h4 20. Qf2 Rh5 21. Na4 Nb5 22. Be2 h3 0-1

[Event "RD-2016-0-00133"]
[Site "LSS email"]
[Date "2016.11.03"]
[Round "?"]
[White "Barna, Zsolt"]
[Black "Correa de Almeida, Claudio"]
[Result "1-0"]
[WhiteElo "1588"]
[BlackElo "1558"]
[PlyCount "103"]
[EventDate "2016.05.29"]
[EventType "tourn (corr)"]
[EventRounds "6"]
[EventCountry "GER"]
[SourceTitle "Corr 2022"]
[Source "ChessBase"]
[SourceDate "2021.10.24"]
[SourceVersion "1"]
[SourceVersionDate "2021.10.24"]
[SourceQuality "1"]

1. e4 c5 2. f4 Nc6 3. Nf3 g6 4. Bb5 Bg7 5. Bxc6 bxc6 6. d3 d6 7. 0-0 Rb8 8. Qe1 Nh6 9. Nc3 Bg4 10. Rb1 0-0 11. b3 Bxf3 12. Rxf3 f5 13. Ne2 e6 14. Bd2 Qe7 15. Rd1 d5 16. e5 Rb7 17. Bc1 Rb6 18. Nc3 d4 19. Na4 Rb5 20. Ba3 a5 21. c3 Qa7 22. cxd4 cxd4 23. Bxf8 Bxf8 24. Rc1 Qd7 25. h3 Nf7 26. Rf2 g5 27. g3 Ba3 28. Rc4 c5 29. Rfc2 Qd5 30. Qf2 Nh8 31. h4 gxf4 32. gxf4 Rb7 33. Nxc5 Rg7+ 34. Kh2 Nf7 35. Qxd4 Nh6 36. Qxd5 exd5 37. Ra4 Ng4+ 38. Kh3 Ne3 39. Rxa3 Nxc2 40. Rxa5 h5 41. Ne6 Re7 42. Rc5 Nb4 43. Rc8+ Kh7 44. Rc7 Rxc7 45. Nxc7 Kg7 46. a4 Kf7 47. a5 Ke7 48. a6 Nxa6 49. Nxa6 Kd7 50. Nc5+ Kc7 51. d4 Kc8 52. Kg3 1-0

[Event "SD-2016-0-00266"]
[Site "LSS email"]
[Date "2016.11.03"]
[Round "?"]
[White "Barna, Zsolt"]
[Black "Koenig, Michael"]
[Result "1-0"]
[WhiteElo "1588"]
[BlackElo "1481"]
[PlyCount "45"]
[EventDate "2016.08.14"]
[EventType "tourn (corr)"]
[EventRounds "6"]
[EventCountry "GER"]
[SourceTitle "Corr 2022"]
[Source "ChessBase"]
[SourceDate "2021.10.24"]
[SourceVersion "1"]
[SourceVersionDate "2021.10.24"]
[SourceQuality "1"]

1. e4 e5 2. Nf3 Nc6 3. Bc4 d6 4. d4 exd4 5. Nxd4 Ne5 6. Be2 Qh4 7. 0-0 Ng4 8. Bf4 N4f6 9. Nb5 Kd8 10. g3 Qh3 11. e5 Ng4 12. Bxg4 Bxg4 13. Qd5 Be2 14. Re1 Bxb5 15. Qxb5 Qc8 16. exd6 c6 17. Qa5+ b6 18. Qa4 h5 19. Nd2 Qb7 20. Nc4 f6 21. Rad1 Nh6 22. d7 Bc5 23. Nd6 1-0

[Event "SD-2016-0-00266"]
[Site "LSS email"]
[Date "2016.11.03"]
[Round "?"]
[White "Vio, Mauro"]
[Black "Barna, Zsolt"]
[Result "1/2-1/2"]
[WhiteElo "1372"]
[BlackElo "1588"]
[PlyCount "40"]
[EventDate "2016.08.14"]
[EventType "tourn (corr)"]
[EventRounds "6"]
[EventCountry "GER"]
[SourceTitle "Corr 2022"]
[Source "ChessBase"]
[SourceDate "2021.10.24"]
[SourceVersion "1"]
[SourceVersionDate "2021.10.24"]
[SourceQuality "1"]

1. e4 e5 2. Nf3 Nc6 3. Bb5 a6 4. Bxc6 dxc6 5. Nc3 f6 6. 0-0 Bg4 7. h3 Bh5 8. d4 exd4 9. Qxd4 Bxf3 10. Qxd8+ Rxd8 11. gxf3 Bb4 12. Ne2 Kf7 13. Be3 Ne7 14. Rad1 Bd6 15. f4 Rhe8 16. Kh1 Ng6 17. f3 f5 18. e5 Be7 19. Kg2 c5 20. Ng3 Nh4+ 1/2-1/2

[Event "ZL-2016-0-01957"]
[Site "LSS email"]
[Date "2016.10.13"]
[Round "?"]
[White "Barna, Zsolt"]
[Black "Lauer, Frederic"]
[Result "1-0"]
[WhiteElo "1588"]
[BlackElo "1212"]
[PlyCount "51"]
[EventDate "2016.09.25"]
[EventType "match (corr)"]
[EventRounds "2"]
[EventCountry "GER"]
[SourceTitle "Corr 2022"]
[Source "ChessBase"]
[SourceDate "2021.10.24"]
[SourceVersion "1"]
[SourceVersionDate "2021.10.24"]
[SourceQuality "1"]

1. e4 c5 2. Nf3 Nc6 3. Bb5 e6 4. 0-0 Nge7 5. c4 a6 6. Bxc6 Nxc6 7. d3 Be7 8. Nc3 Bf6 9. Ne1 0-0 10. f4 Nd4 11. e5 Be7 12. Nf3 Nxf3+ 13. Qxf3 Rb8 14. Be3 b5 15. cxb5 axb5 16. Qf2 c4 17. a4 b4 18. Ba7 Ra8 19. Bb6 Qe8 20. Nb5 Bd8 21. Nd6 Qe7 22. dxc4 Bxb6 23. Qxb6 Ba6 24. Qxb4 Rfb8 25. Qc3 h6 26. b4 1-0

[Event "ZL-2016-0-01957"]
[Site "LSS email"]
[Date "2016.10.13"]
[Round "?"]
[White "Lauer, Frederic"]
[Black "Barna, Zsolt"]
[Result "1/2-1/2"]
[WhiteElo "1212"]
[BlackElo "1588"]
[PlyCount "31"]
[EventDate "2016.09.25"]
[EventType "match (corr)"]
[EventRounds "2"]
[EventCountry "GER"]
[SourceTitle "Corr 2022"]
[Source "ChessBase"]
[SourceDate "2021.10.24"]
[SourceVersion "1"]
[SourceVersionDate "2021.10.24"]
[SourceQuality "1"]

1. e4 e5 2. Nf3 Nc6 3. Bb5 a6 4. Bxc6 dxc6 5. 0-0 f6 6. d4 exd4 7. Qxd4 Qxd4 8. Nxd4 c5 9. Nb3 b5 10. Be3 Bb7 11. f3 c4 12. Na5 Bc8 13. Nc3 Bb4 14. Nc6 Bxc3 15. bxc3 Ne7 16. Nxe7 1/2-1/2

[Event "WC-2017-P-00004"]
[Site "LSS email"]
[Date "2013.02.27"]
[Round "?"]
[White "Barna, Zsolt"]
[Black "De Waele, Willy"]
[Result "0-1"]
[WhiteElo "1394"]
[BlackElo "1928"]
[PlyCount "90"]
[EventDate "2013.03.03"]
[EventType "tourn (corr)"]
[EventRounds "12"]
[EventCountry "GER"]
[SourceTitle "Telechess CBM 167"]
[Source "ChessBase"]
[SourceDate "2015.07.13"]
[SourceVersion "1"]
[SourceVersionDate "2015.07.13"]
[SourceQuality "1"]

1. e4 c5 2. Nf3 d6 3. d4 cxd4 4. Nxd4 Nf6 5. Nc3 a6 6. Bc4 e6 7. 0-0 b5 8. Bb3 Be7 9. Qf3 Qc7 10. Qg3 0-0 11. Bh6 Ne8 12. Rfd1 Bd7 13. f3 Nc6 14. a3 Nxd4 15. Rxd4 Qd8 16. e5 dxe5 17. Rd3 Qc7 18. Re1 Bc6 19. Bg5 Nf6 20. Bh6 Nh5 21. Qxe5 Qxe5 22. Rxe5 gxh6 23. Rxh5 Bg5 24. h4 Bf6 25. Kf2 Rfd8 26. Rxd8+ Rxd8 27. Rxh6 Kg7 28. Rh5 h6 29. g4 Be8 30. g5 hxg5 31. hxg5 Kg6 32. Rh1 Be5 33. Re1 Bd4+ 34. Kg3 Kxg5 35. Ne4+ Kf5 36. c3 Bb6 37. Bc2 Bc6 38. f4 Bc7 39. Nc5+ Kf6 40. Nxa6 Rg8+ 41. Kf2 Rg2+ 42. Ke3 Bb6+ 43. Kd3 Bf3 44. Nb4 Bg4 45. c4 Rg3+ 0-1

[Event "WC-2017-P-00004"]
[Site "LSS email"]
[Date "2013.02.27"]
[Round "?"]
[White "Barna, Zsolt"]
[Black "Ulasevich, Sergei"]
[Result "0-1"]
[WhiteElo "1394"]
[BlackElo "2310"]
[PlyCount "38"]
[EventDate "2013.03.03"]
[EventType "tourn (corr)"]
[EventRounds "12"]
[EventCountry "GER"]
[SourceTitle "Telechess CBM 167"]
[Source "ChessBase"]
[SourceDate "2015.07.13"]
[SourceVersion "1"]
[SourceVersionDate "2015.07.13"]
[SourceQuality "1"]

1. e4 c5 2. Nf3 a6 3. d4 cxd4 4. Nxd4 Nf6 5. Nc3 e5 6. Nf3 Bb4 7. Bg5 d6 8. Nd2 Bxc3 9. bxc3 0-0 10. Qf3 Nbd7 11. Bc4 h6 12. Bh4 b5 13. Bb3 Bb7 14. 0-0 g5 15. Bg3 Nc5 16. Qf5 Kg7 17. Rfe1 Qc7 18. h3 Nxb3 19. cxb3 Qxc3 0-1

[Event "LSS No Engine Cup 83 Preliminary 5"]
[Site "LSS email"]
[Date "2013.02.27"]
[Round "?"]
[White "Husemann, Andreas"]
[Black "Barna, Zsolt"]
[Result "1/2-1/2"]
[WhiteElo "2091"]
[BlackElo "1380"]
[PlyCount "144"]
[EventDate "2013.02.28"]
[EventType "tourn (corr)"]
[EventRounds "6"]
[EventCountry "GER"]
[SourceTitle "Telechess CBM 161"]
[Source "ChessBase"]
[SourceDate "2014.07.16"]
[SourceVersion "1"]
[SourceVersionDate "2014.07.16"]
[SourceQuality "1"]

1. d4 Nf6 2. c4 e5 3. dxe5 Ng4 4. Bf4 Nc6 5. Nf3 Bb4+ 6. Nbd2 Qe7 7. e3 Ngxe5 8. Nxe5 Nxe5 9. Be2 b6 10. 0-0 Bxd2 11. Qxd2 Bb7 12. b4 0-0 13. Rfd1 a5 14. c5 bxc5 15. bxc5 Bc6 16. Qc3 Rfe8 17. Rab1 Qf6 18. Qc2 h6 19. Bg3 Reb8 20. Rxb8+ Rxb8 21. Rb1 Rxb1+ 22. Qxb1 a4 23. f3 h5 24. Qb8+ Kh7 25. Qb4 Qe6 26. Qb2 f6 27. Qc2+ Kg8 28. e4 Qe7 29. Bf2 g5 30. h4 g4 31. Bg3 gxf3 32. gxf3 Qe6 33. Qb2 Qe7 34. Qc1 Qe6 35. a3 Kg7 36. Kf2 d5 37. cxd6 cxd6 38. Bf4 Kg6 39. Qc3 d5 40. Bxe5 fxe5 41. exd5 Qxd5 42. Qd3+ Qxd3 43. Bxd3+ Kf6 44. Ke3 Be8 45. f4 exf4+ 46. Kxf4 Bf7 47. Bb5 Bb3 48. Bc6 Bd1 49. Be8 Ke7 50. Bb5 Ke6 51. Ke4 Bc2+ 52. Ke3 Ke5 53. Be8 Bd1 54. Kd2 Bg4 55. Bxa4 Kf4 56. Bd1 Bd7 57. Bxh5 Kg3 58. Kc3 Kxh4 59. Be2 Ba4 60. Kb4 Bc2 61. Bc4 Kg5 62. Bb3 Bxb3 63. Kxb3 Kf5 64. Kc4 Ke6 65. Kc5 Kd7 66. Kb6 Kc8 67. Ka7 Kc7 68. a4 Kc6 69. a5 Kc7 70. a6 Kc8 71. Ka8 Kc7 72. a7 Kc8 1/2-1/2

[Event "WC-2017-P-00004"]
[Site "LSS email"]
[Date "2013.02.27"]
[Round "?"]
[White "Ilyin, Igor"]
[Black "Barna, Zsolt"]
[Result "1-0"]
[WhiteElo "1763"]
[BlackElo "1394"]
[PlyCount "55"]
[EventDate "2013.03.03"]
[EventType "tourn (corr)"]
[EventRounds "12"]
[EventCountry "GER"]
[SourceTitle "Telechess CBM 167"]
[Source "ChessBase"]
[SourceDate "2015.07.13"]
[SourceVersion "1"]
[SourceVersionDate "2015.07.13"]
[SourceQuality "1"]

1. e4 e5 2. Nf3 Nc6 3. Bb5 a6 4. Ba4 Nf6 5. 0-0 Nxe4 6. d4 b5 7. Bb3 Be7 8. dxe5 Nc5 9. Bd5 Bb7 10. Nc3 0-0 11. Be3 Rb8 12. Qd2 Ne6 13. Rad1 d6 14. exd6 Qxd6 15. Qc1 Qd7 16. Rfe1 Rbd8 17. Bg5 Nxg5 18. Nxg5 Bxg5 19. Qxg5 Rfe8 20. Ne4 Qe7 21. Qxe7 Rxe7 22. Kf1 a5 23. Nc5 Rxe1+ 24. Kxe1 Ba8 25. Na6 Rd7 26. Bf3 Re7+ 27. Kf1 f5 28. c3 1-0

[Event "LSS No Engine Cup 83 Preliminary 5"]
[Site "LSS email"]
[Date "2013.02.27"]
[Round "?"]
[White "Jenneborg, Seved"]
[Black "Barna, Zsolt"]
[Result "1/2-1/2"]
[WhiteElo "1713"]
[BlackElo "1380"]
[PlyCount "64"]
[EventDate "2013.02.28"]
[EventType "tourn (corr)"]
[EventRounds "6"]
[EventCountry "GER"]
[SourceTitle "Telechess CBM 161"]
[Source "ChessBase"]
[SourceDate "2014.07.16"]
[SourceVersion "1"]
[SourceVersionDate "2014.07.16"]
[SourceQuality "1"]

1. Nf3 Nc6 2. e4 e5 3. Bb5 a6 4. Ba4 Nf6 5. 0-0 Nxe4 6. d4 b5 7. Bb3 Be7 8. Nxe5 Nxe5 9. dxe5 Bb7 10. Qg4 0-0 11. Nc3 Nxc3 12. Bh6 Bf6 13. exf6 Qxf6 14. Be3 Nd5 15. Rad1 Nxe3 16. fxe3 Qe7 17. Rxd7 Qxe3+ 18. Kh1 Kh8 19. Rxc7 Be4 20. Bxf7 h6 21. Bc4 Qd4 22. Rcf7 Rxf7 23. Bxf7 Qe3 24. Bg6 Bxg6 25. Qxg6 Qe2 26. Qd3 Qxd3 27. cxd3 Rc8 28. Kg1 Kh7 29. b4 Rc3 30. Rd1 Rc2 31. d4 Kg8 32. d5 Kf8 1/2-1/2

[Event "SD-2013-0-00161"]
[Site "LSS email"]
[Date "2013.02.25"]
[Round "?"]
[White "Barna, Zsolt"]
[Black "Yloenen, Olli"]
[Result "1/2-1/2"]
[WhiteElo "1394"]
[BlackElo "1662"]
[PlyCount "45"]
[EventDate "2013.01.31"]
[EventType "tourn (corr)"]
[EventRounds "6"]
[EventCountry "GER"]
[SourceTitle "Telechess CBM 167"]
[Source "ChessBase"]
[SourceDate "2015.07.13"]
[SourceVersion "1"]
[SourceVersionDate "2015.07.13"]
[SourceQuality "1"]

1. e4 c5 2. Nf3 d6 3. d4 cxd4 4. Nxd4 Nf6 5. Nc3 g6 6. Bc4 Bg7 7. Be3 0-0 8. f3 Nc6 9. Qd2 Bd7 10. a3 Rc8 11. Bf1 a6 12. g4 Nxd4 13. Bxd4 e5 14. Be3 d5 15. exd5 e4 16. g5 Rxc3 17. bxc3 Nxd5 18. Qxd5 Bxc3+ 19. Kf2 Bxa1 20. Qxb7 Bf5 21. fxe4 Bd4 22. exf5 Bxe3+ 23. Kxe3 1/2-1/2

[Event "SD-2013-0-00160"]
[Site "LSS email"]
[Date "2013.02.21"]
[Round "?"]
[White "Basson, Heinrich"]
[Black "Barna, Zsolt"]
[Result "1/2-1/2"]
[WhiteElo "1553"]
[BlackElo "1605"]
[PlyCount "37"]
[EventDate "2013.01.13"]
[EventType "tourn (corr)"]
[EventRounds "6"]
[EventCountry "GER"]
[SourceTitle "Corr 2022"]
[Source "ChessBase"]
[SourceDate "2021.10.24"]
[SourceVersion "1"]
[SourceVersionDate "2021.10.24"]
[SourceQuality "1"]

1. d4 Nf6 2. c4 e5 3. dxe5 Ng4 4. Nf3 Bc5 5. e3 Nc6 6. Nc3 0-0 7. Be2 Re8 8. a3 a5 9. b3 Ngxe5 10. Nxe5 Nxe5 11. Bb2 d6 12. Nd5 c6 13. Nf4 Bf5 14. 0-0 Qb6 15. Bd4 Bxd4 16. exd4 Nd7 17. Bd3 Be4 18. Re1 Qxd4 19. Bxe4 1/2-1/2

[Event "LSS No Engine Cup 80 Preliminary 7"]
[Site "LSS email"]
[Date "2013.01.05"]
[Round "?"]
[White "Barna, Zsolt"]
[Black "Bester, Kazimierz"]
[Result "1-0"]
[WhiteElo "1380"]
[BlackElo "817"]
[PlyCount "51"]
[EventDate "2013.01.06"]
[EventType "tourn (corr)"]
[EventRounds "6"]
[EventCountry "GER"]
[SourceTitle "Telechess CBM 161"]
[Source "ChessBase"]
[SourceDate "2014.07.16"]
[SourceVersion "1"]
[SourceVersionDate "2014.07.16"]
[SourceQuality "1"]

1. e4 d5 2. exd5 Qxd5 3. Nc3 Qa5 4. d4 Nf6 5. Nf3 Nc6 6. Bd2 Bg4 7. Nb5 Qb6 8. c4 Bxf3 9. Qxf3 Nxd4 10. Nxd4 0-0-0 11. Nb3 e5 12. Be2 e4 13. Qf5+ Kb8 14. 0-0-0 g6 15. Qf4 Bd6 16. Qxf6 Rdf8 17. Be3 Qc6 18. c5 h5 19. Kb1 Qa4 20. cxd6 cxd6 21. Qxd6+ Ka8 22. Rd4 Qe8 23. Qc5 Qb8 24. Ra4 f5 25. Rxa7+ Qxa7 26. Qxa7# 1-0